Genesis of the Rising, 1912-1916 (Record no. 224849)
[ view plain ]
| 000 -LEADER | |
|---|---|
| fixed length control field | 02311nam a2200421 a 4500 |
| 082 04 - DEWEY DECIMAL CLASSIFICATION NUMBER | |
| Classification number | 941.5082/1 |
| 100 1# - MAIN ENTRY--AUTHOR NAME | |
| Personal name | Kennedy, Christopher M., |
| 245 10 - TITLE STATEMENT | |
| Title | Genesis of the Rising, 1912-1916 |
| 260 ## - PUBLICATION, DISTRIBUTION, ETC. (IMPRINT) | |
| Place of publication | New York : |
| Name of publisher | P. Lang, |
| Year of publication | c2010. |
| 300 ## - PHYSICAL DESCRIPTION | |
| Number of Pages | x, 315 p. : |
| Other physical details | ill. |
| 490 1# - SERIES STATEMENT | |
| Series statement | Irish studies, |
| 505 0# - FORMATTED CONTENTS NOTE | |
| Formatted contents note | Introduction: The nature of public opinion, some preliminary definitions and problems -- The Irish Party and its pubic perception -- Home rule and public opinion -- The Ulster question, partition, and public opinion -- Volunteers, north and south -- The coming of the Great War and public opinion -- Changes of fortune -- Recruiting and the war -- Changes of opinion : contributing factors -- Interpreting opinion : private sentiment -- Influencing opinion : the press -- Ascertaining opinion : Dublin Castle and government intelligence -- The Easter Rising : a turning-of-the-tide? -- Epilogue: On traditions and opinions. |
| 650 #0 - SUBJECT ADDED ENTRY--TOPICAL TERM | |
| Topical Term | Irish question. |
| Topical Term | Nationalism |
| Topical Term | Public opinion |
| 856 40 - ELECTRONIC LOCATION AND ACCESS | |
| Uniform Resource Identifier | http://site.ebrary.com/lib/rucke/Doc?id=10517068 |
No items available.
